| 000 | 00655nam a2200229Ia 4500 | ||
|---|---|---|---|
| 003 | GCL | ||
| 008 | 140319s9999 xx 000 0 ara d | ||
| 040 |
_aGCL / _cGCL |
||
| 082 | 0 | 4 |
_a191 _bز م |
| 100 | 1 | _aزكى نجيب محمود | |
| 245 | 1 | 0 |
_aمجتمع جديد او الكارثة / _cزكى نجيب محمود |
| 250 | _aالخامسة | ||
| 260 |
_aالقاهرة : _bدار الشروق ، _c1993 |
||
| 300 |
_a335 ص ؛ _c20 سم |
||
| 490 | _a | ||
| 650 | 0 | 4 | _aمصر |
| 650 | 0 | 4 | _aالثقافة |
| 650 | 0 | 4 | _aالحياة الثقافية |
| 650 | 0 | 4 | _aالجهل |
| 650 | 0 | 4 | _aالثورة الثقافية |
| 942 |
_2ddc _cBK |
||
| 999 |
_c49312 _d49312 |
||